[Event "AUTO-OPEN-1782"]
[Site "http://www.queenalice.com/game.php?id=777886"]
[Date "2010.5.19"]
[Round "2"]
[White "ruylopesdesegura"]
[Black "joaoreis001"]
[Result "0-1"]
[WhiteElo "1802"]
[BlackElo "1690"]

1. e4 Nc6 2. Nf3 e5 3. Bb5 d6 4. Bxc6+ bxc6 5. d3 Bg4 6. b3 d5 7. O-O dxe4 8.
dxe4 Qxd1 9. Rxd1 Bd6 10. Rd3 Nf6 11. Nc3 h6 12. h3 Bh5 13. Bb2 O-O-O 14. Nd2 g5
15. Nc4 g4 16. h4 Rhg8 17. g3 Bc5 18. Rxd8+ Rxd8 19. Nxe5 Kb7 20. Nd3 Bd4 21. e5
Nd5 22. Ne2 Bxb2 23. Nxb2 Re8 24. Nc4 Bg6 25. Nd4 c5 26. Ne2 Bxc2 27. Rc1 Bd3
28. Nc3 Bxc4 29. bxc4 Nb4 30. a3 Nd3 31. Rd1 Nxe5 32. Rb1+ Kc6 33. Nd1 Nf3+ 34.
Kg2 Re1 35. Nc3 Rxb1 36. Nxb1 Kb6 37. h5 Ka5 38. Nc3 Nd2 39. Nd5 Nxc4 40. Nf6
Ne5 41. Kf1 Ka4 42. Ng8 c4 43. Ke1 c3 44. Kd1 Kb3 45. Kc1 Nd3+ 0-1

[Event "AUTO-OPEN-1782"]
[Site "http://www.queenalice.com/game.php?id=777891"]
[Date "2010.5.19"]
[Round "2"]
[White "Melted"]
[Black "ruylopesdesegura"]
[Result "0-1"]
[WhiteElo "1883"]
[BlackElo "1786"]

1. d4 d5 2. Nf3 Nf6 3. c4 c6 4. Nc3 Bg4 5. h3 Bxf3 6. exf3 e6 7. Qb3 Qc7 8. cxd5
exd5 9. Bd3 Bd6 10. O-O O-O 11. Re1 Nbd7 12. Be3 Rfe8 13. Rac1 Bh2+ 14. Kf1 c5
15. Nxd5 Nxd5 16. Qxd5 Nf6 0-1

[Event "AUTO-OPEN-1629"]
[Site "http://www.queenalice.com/game.php?id=782065"]
[Date "2010.5.28"]
[Round "2"]
[White "ruylopesdesegura"]
[Black "skorpion"]
[Result "0-1"]
[WhiteElo "1811"]
[BlackElo "2490"]

1. e4 c5 2. f4 e6 3. Nc3 Nc6 4. Nf3 Nf6 5. d3 d5 6. e5 Ng8 7. d4 Nh6 8. Be2 a6
9. a3 Bd7 10. O-O cxd4 11. Nxd4 Qb6 12. Kh1 Nxd4 13. Be3 Nhf5 14. Bg4 Nxe3 15.
Nxd5 exd5 16. Bxd7+ Kxd7 17. Qh5 Nxf1 18. Qxf7+ Kc6 19. c4 Ne3 20. cxd5+ Kb5 21.
Qd7+ Kc4 22. Rc1+ Kd3 23. Qh3 Qxb2 24. Rd1+ Ke4 25. Re1 Qd2 26. Rg1 Nd1 27. f5
Nf2# 0-1

[Event "AUTO-OPEN-1629"]
[Site "http://www.queenalice.com/game.php?id=782066"]
[Date "2010.5.28"]
[Round "2"]
[White "skorpion"]
[Black "ruylopesdesegura"]
[Result "1-0"]
[WhiteElo "2489"]
[BlackElo "1834"]

1. e4 e5 2. f4 Nc6 3. Nf3 d6 4. Nc3 Nf6 5. d4 exd4 6. Nxd4 Bd7 7. Be2 Be7 8. O-O
O-O 9. Be3 a6 10. Nxc6 Bxc6 11. Bf3 Rb8 12. Qd3 Re8 13. Rad1 b5 14. Ba7 Rc8 15.
e5 Bxf3 16. Qxf3 Ra8 17. exf6 Bxf6 18. Bf2 Qc8 19. Nd5 Bd8 20. Rde1 Rxe1 21.
Rxe1 Qd7 22. Nb6 cxb6 23. Qb7 Qe6 24. Qxa8 Qd7 25. Qc8 1-0

[Event "AUTO-OPEN-1636"]
[Site "http://www.queenalice.com/game.php?id=823039"]
[Date "2010.8.25"]
[Round "3"]
[White "Lorfman"]
[Black "ruylopesdesegura"]
[Result "1-0"]
[WhiteElo "2811"]
[BlackElo "1810"]

1. e4 e5 2. Nf3 Nc6 3. Bc4 d6 4. c3 h6 5. d4 Bg4 6. Qb3 Be6 7. d5 Na5 8. Qa4+
Qd7 9. Qxa5 Nf6 10. dxe6 fxe6 11. O-O b6 12. Qa6 Be7 13. Rd1 Nxe4 14. Qb7 O-O
15. Qxe4 d5 16. Rxd5 Qc6 17. Nxe5 Qe8 18. Rd7 Bd6 19. Bxh6 Bxe5 20. Qxe5 Qg6 21.
Rxg7+ 1-0

[Event "AUTO-OPEN-1636"]
[Site "http://www.queenalice.com/game.php?id=823040"]
[Date "2010.8.25"]
[Round "3"]
[White "ruylopesdesegura"]
[Black "Lorfman"]
[Result "0-1"]
[WhiteElo "1793"]
[BlackElo "2819"]

1. e4 c5 2. f4 e6 3. Nc3 d5 4. d4 dxe4 5. Nxe4 cxd4 6. Bd3 Nc6 7. Nf3 Nge7 8. c3
f5 9. Nf2 dxc3 10. bxc3 Nd5 11. Qb3 Bc5 12. O-O O-O 13. Kh1 Qd6 14. Bd2 Nxf4 15.
Bxf4 Qxf4 16. Nh3 Qc7 17. Nfg5 Na5 18. Qa4 h6 19. Nf3 Bd6 20. g3 e5 21. Nd2 Qxc3
22. Bc4+ Nxc4 23. Nxc4 Qd4 24. Qc2 Be6 25. Nxd6 Bd5+ 26. Qg2 Bxg2+ 27. Kxg2 Qxd6
28. Rad1 Qc6+ 29. Kg1 Rad8 30. Rde1 f4 31. Rxe5 Rd2 32. Nxf4 Rxf4 0-1

[Event "AUTO-OPEN-1881"]
[Site "http://www.queenalice.com/game.php?id=825529"]
[Date "2010.8.30"]
[Round "2"]
[White "Carl_Flemming"]
[Black "ruylopesdesegura"]
[Result "1-0"]
[WhiteElo "2080"]
[BlackElo "1791"]

1. e4 e5 2. Nf3 Nc6 3. d4 exd4 4. Bc4 d6 5. Nxd4 Qf6 6. Be3 Be6 7. Bb5 Ne7 8. c3
a6 9. Ba4 g6 10. O-O Bg7 11. Nd2 O-O 12. Nxe6 fxe6 13. Bb3 Kh8 14. Nc4 e5 15.
Qd2 b5 16. Bg5 Qe6 17. Nb6 Qg4 18. Nxa8 Rxa8 19. f3 Qd7 20. Qf2 Rf8 21. Rae1 Nd8
22. Qh4 Rf4 23. Bxf4 exf4 24. Qxf4 Ng8 25. Rd1 Be5 26. Qxe5+ Qg7 27. Qe8 1-0

[Event "AUTO-OPEN-1881"]
[Site "http://www.queenalice.com/game.php?id=825530"]
[Date "2010.8.30"]
[Round "2"]
[White "ruylopesdesegura"]
[Black "Carl_Flemming"]
[Result "0-1"]
[WhiteElo "1793"]
[BlackElo "2073"]

1. e4 c6 2. d4 d5 3. e5 Bf5 4. Bd3 Bg6 5. Nf3 e6 6. Bg5 f6 7. Bxg6+ hxg6 8. Qd3
Qa5+ 9. Bd2 Qc7 10. Nc3 Ne7 11. g3 Nd7 12. exf6 gxf6 13. O-O-O O-O-O 14. h4 e5
15. dxe5 Nxe5 16. Nxe5 fxe5 17. Bg5 Bh6 18. Bxh6 Rxh6 19. g4 d4 20. Ne4 Nd5 21.
g5 Rhh8 22. Nf6 Nf4 23. Qa3 Kb8 24. f3 d3 25. cxd3 Qb6 26. Kb1 Qb5 27. Qe7 a5
28. Nd7+ Ka8 29. Nxe5 Rhe8 30. Qf6 Qxe5 31. d4 Qxf6 32. a3 Rxd4 33. Rc1 Rd2 34.
Rc2 Qf5 35. Rc1 Rxc2 36. Rxc2 Re1+ 0-1

[Event "AUTO-OPEN-1829"]
[Site "http://www.queenalice.com/game.php?id=826889"]
[Date "2010.9.2"]
[Round "2"]
[White "ruylopesdesegura"]
[Black "SubRoger"]
[Result "0-1"]
[WhiteElo "1795"]
[BlackElo "2136"]

1. e4 c5 2. f4 Nc6 3. Nc3 d6 4. Nf3 g6 5. Bb5 Bg7 6. b3 Nf6 7. Bb2 O-O 8. O-O
Bd7 9. d4 cxd4 10. Bxc6 dxc3 11. Bxc3 Bxc6 12. e5 dxe5 13. fxe5 Qxd1 14. Raxd1
Nd5 15. Bd4 e6 16. c4 Ne7 17. Bc5 Rfe8 18. Bd4 Nf5 19. Rd2 Red8 20. Rd3 Bxf3 21.
Rfxf3 Nxd4 22. Rfe3 Nf5 23. Rxd8+ Rxd8 24. Re2 Bh6 25. Kf2 Ne7 26. a4 a5 27. c5
Nc6 0-1

[Event "AUTO-OPEN-1829"]
[Site "http://www.queenalice.com/game.php?id=826890"]
[Date "2010.9.2"]
[Round "2"]
[White "SubRoger"]
[Black "ruylopesdesegura"]
[Result "1-0"]
[WhiteElo "2112"]
[BlackElo "1782"]

1. d4 d5 2. c4 c6 3. Nc3 e6 4. g3 Bb4 5. Bg2 Nf6 6. Bg5 h6 7. Bxf6 gxf6 8. Nf3
Bxc3+ 9. bxc3 Nd7 10. cxd5 e5 11. dxc6 bxc6 12. dxe5 fxe5 13. Nh4 Qa5 14. Qd2
Bb7 15. O-O Rb8 16. Rfb1 Nc5 17. Nf5 Qc7 18. Rd1 Rd8 19. Qe3 Ne6 20. Qxa7 O-O
21. Nxh6+ Kh8 22. Qe3 f6 23. Nf5 Rd7 24. Be4 Ng5 25. h4 Rxd1+ 26. Rxd1 Nh7 27.
Rd6 Rd8 28. Rxd8+ Qxd8 29. Qh6 Qd1+ 30. Kg2 Qd7 31. Nd6 Qg7 32. Qh5 Kg8 33.
Bxh7+ Qxh7 34. Qe8+ Kg7 35. Qf7+ 1-0

[Event "AUTO-OPEN-1702"]
[Site "http://www.queenalice.com/game.php?id=838591"]
[Date "2010.9.27"]
[Round "2"]
[White "Pollyanna"]
[Black "ruylopesdesegura"]
[Result "1-0"]
[WhiteElo "2469"]
[BlackElo "1786"]

1. d4 d5 2. c4 c6 3. Nf3 Nf6 4. Nc3 e6 5. e3 Bb4 6. Bd3 Bxc3+ 7. bxc3 h6 8. cxd5
cxd5 9. Ba3 a6 10. O-O Nc6 11. Nd2 Ne7 12. e4 O-O 13. e5 Nd7 14. Bd6 Re8 15. c4
f5 16. Bxe7 Qxe7 17. cxd5 exd5 18. Bxf5 Nb6 19. Bd3 Be6 20. f4 Rf8 21. Qb3 Nc8
22. f5 Bxf5 23. Bxf5 Rd8 24. Bc2 b5 25. Qd3 g5 26. Qg6+ Qg7 27. Qe6+ 1-0

[Event "AUTO-OPEN-1702"]
[Site "http://www.queenalice.com/game.php?id=838592"]
[Date "2010.9.27"]
[Round "2"]
[White "ruylopesdesegura"]
[Black "Pollyanna"]
[Result "0-1"]
[WhiteElo "1788"]
[BlackElo "2468"]

1. e4 c5 2. f4 d5 3. exd5 Nf6 4. Nc3 Nxd5 5. d3 Nxc3 6. bxc3 g6 7. h3 Bg7 8. Bb2
O-O 9. Nf3 Nd7 10. Be2 Nb6 11. O-O Na4 12. d4 Nxb2 13. Qd2 Qa5 14. c4 Qxd2 15.
Nxd2 Bxd4+ 16. Kh1 Bf5 17. Rae1 Rad8 18. Bf3 Bc3 19. Rxe7 Rxd2 20. Rxb7 Nxc4 21.
Rxa7 Rxc2 22. Bd5 Ne3 23. Rb1 Nxd5 24. a4 Be4 25. Kg1 Rxg2+ 26. Kf1 Ne3# 0-1

[Event "AUTO-OPEN-1702"]
[Site "http://www.queenalice.com/game.php?id=838595"]
[Date "2010.9.27"]
[Round "2"]
[White "paulogaspar"]
[Black "ruylopesdesegura"]
[Result "0-1"]
[WhiteElo "1913"]
[BlackElo "1784"]

1. d4 d5 2. c4 c6 3. Nc3 e6 4. a3 Nf6 5. b4 dxc4 6. e4 b5 7. Bg5 Be7 8. Bxf6
gxf6 9. f4 Bb7 10. Nf3 Nd7 11. Be2 Qc7 12. g3 a6 13. O-O O-O-O 14. Qe1 e5 15.
fxe5 fxe5 16. dxe5 Nxe5 17. Nxe5 Qxe5 18. Rxf7 Qd4+ 19. Kg2 Qe5 20. Rf5 Qe6 21.
Bg4 Qg6 22. Rg5+ Kc7 23. Rxg6 hxg6 24. Rd1 Rxd1 25. Qxd1 Rd8 0-1

[Event "AUTO-OPEN-1702"]
[Site "http://www.queenalice.com/game.php?id=838596"]
[Date "2010.9.27"]
[Round "2"]
[White "ruylopesdesegura"]
[Black "paulogaspar"]
[Result "1-0"]
[WhiteElo "1805"]
[BlackElo "1827"]

1. e4 d5 2. exd5 Qxd5 3. Nc3 Qd8 4. Nf3 g6 5. d4 Bg7 6. Bc4 Nf6 7. h3 O-O 8. O-O
Nc6 9. Be3 a6 10. a3 b5 11. Ba2 Bb7 12. Rb1 Na5 13. b4 Nc4 14. Bxc4 bxc4 15. a4
Nd5 16. Nxd5 Bxd5 17. c3 c6 18. a5 Qc7 19. Rb2 Rad8 20. Nd2 f5 21. f4 Qd6 22.
Nf3 Bh6 23. g3 Qc7 24. Ne5 Bg7 25. Rh2 1-0